000 00705nam a2200193Ia 4500
008 151121s9999||||xx |||||||||||||| ||und||
082 _a813-/भावे
082 _bHNW-63216
100 _aभावे ह।अ।-अनु।
245 _aकथासरित्सागर खंड-5
260 _b"वरदा बुक्स सेनापती बापट मार्ग , पुणे"
260 _c--
300 _a354
600 _aभावे ह।अ।-अनु।
630 _aकथासरित्सागर खंड-5
700 _aभावे ह।अ।-अनु।
730 _aकथासरित्सागर खंड-5
942 _cBOOK
999 _c1244749
_d1244746